000
00296nam a22001337a 4500
008
170327b xxu||||| |||| 00| 0 eng d
020
_a
0824776844
041
_a
eng
080
_a
616.9
100
_a
8
101
_a
SHM
245
_a
AIDS PATHOGENESIS AND TREATMENT
_c
LEVY, J.A
942
_2
udc
_c
BK
999
_c
8675
_d
8675